000 00972nam a22002537a 4500
999 _c7393
_d7393
003 AR-CdUCM
008 190320b ||||| |||| 00| 0 spa d
040 _aMUNICIPALIDAD PROVINCIAL DEL CUSCO
_cBIBLIOTECA MUNICIPAL DEL CUSCO
041 _heng
082 _a697
_bSW97
100 _aSwhweitzer, Gerald
_920841
245 _aCurso completo de aire acondicionado /
260 _aBuenos Aires :
_bGlem,
_c1974..
300 _a297 paginas ,
_bFormulas, diagramas, cuadros,
_c22 cm.
500 _aTitulo original : Basic air conditioning
505 _aTeoría física básica -- Principio del confort ambiente -- Principios de la refrigeración -- Componentes básicos de la refrigeración -- Dispositivos periféricos...
650 _aAire y diseño
_920842
650 _aAire acondicionado
_920843
650 _aMotores y controles
_920844
700 _aEbeling, A.
_920845
700 _aMiraglia, Carlos (Traductor)
_920846
942 _2ddc
_cLIBROS
945 _awnts